Nuestro jóvenes realidad y desafío... (Registro nro. 60260)
[ vista simple ]
| 000 -LÍDER | |
|---|---|
| Campo fijo de descripción fija | 00995aab a2200217 4500 |
| 001 - NÚMERO DE CONTROL | |
| Campo de control | 768714001 |
| 003 - IDENTIFICADOR DEL NÚMERO DE CONTROL | |
| Campo de control | CO-MdFUSB |
| 005 - FECHA Y HORA DE LA ULTIMA TRANSACCIÓN | |
| control field | 20240627175236.0 |
| 008 - ELEMENTOS DE LONGITUD FIJA -- INFORMACIÓN GENERAL | |
| Campo fijo de descripción fija -- Información general | 170525s2002 cr ||||| |||| 00| 0 spa d |
| 022 ## - NÚMERO INTERNACIONAL NORMALIZADO PARA PUBLICACIONES SERIADAS | |
| Número Internacional Normalizado para Publicaciones Seriadas | 1409-1968 |
| 040 ## - FUENTE DE CATALOGACIÓN | |
| Agencia Catalogadora | CO-MdFUSB |
| Idioma de catalogación | spa |
| Agencia que realiza la transcripción | CO-MdFUSB |
| Agencia que realiza la modificación | CO-MdFUSB |
| 041 ## - CÓDIGO DE IDIOMA | |
| Código de idioma para texto/pista de sonido o título separado | spa |
| 100 1# - ASIENTO PRINCIPAL--NOMBRE PERSONAL | |
| Nombre personal | Ortiz, Félix |
| Término relacionador | autor |
| 245 10 - TÍTULO | |
| Título | Nuestro jóvenes realidad y desafío... |
| Mención de responsabilidad | / Félix Ortiz |
| 300 ## - DESCRIPCIÓN FÍSICA | |
| Extensión | Volumen 19. Número 2 (2002), páginas 10-22 |
| Dimensiones | : 27 cm. |
| 520 ## - NOTA DE RESUMEN, ETC. | |
| Nota de sumario, etc. | Conociendo su realidad podemos ejercer una pastoral adecuada y efectiva, ayudándoles a conocer a Cristo y caminar con él en medio de una sociedad cada vez más hostil al Evangelio. El presente artículo pretende dar un acercamiento general al tema y brindar algunas herramientas y conceptos útiles al liderazgo de la iglesia local. |
| 653 ## - TÉRMINO DE INDIZACIÓN - NO CONTROLADO | |
| Término no controlado | Pastoral juvenil |
| 773 0# - ASIENTO DE ITEM FUENTE | |
| Título | Apuntes Pastorales |
| Biblionumber | 49442 |
| Itemnumber | 60158 |
| Parte(s) relacionada(s) / Volumen., número. (mes año), páginas | Volumen 19. Número 2 (2002), páginas 10-22 |
| Enumeración y primera página | Página 10 |
| 942 ## - TIPO DE MATERIAL (KOHA) | |
| Tipo de Item KOHA | Artículos de Revista |
| 945 ## - INFORMACIÓN LOCAL DEL REGISTRO | |
| Catalogador | JTF-925 |
No hay ítems disponibles.
